Škola talentů : zcela bez hranic. Bez proudu! /
Pokračování příběhů z internátní školy na tajemném ostrově, kde mají všechny děti fantastické schopnosti.
Uloženo v:
| Série: | Škola talentů,
část 2 |
|---|---|
| Hlavní autor: | |
| Další autoři: | , |
| Médium: | E-kniha |
| Jazyk: | Czech |
| Vydáno: |
Praha :
Dobrovský s.r.o.,
2024
|
| Edice: | Drobek
|
| Témata: | |
| Příbuzné jednotky: | Z cyklu::
Škola talentů |
| Tagy: |
Žádné tagy |
| LEADER | 02840nam a2200541 i 4500 | ||
|---|---|---|---|
| 001 | 312742 | ||
| 003 | CZ PrSKC | ||
| 005 | 20260601215728.0 | ||
| 007 | ta | ||
| 008 | 250530s2024 xr a c 000 f cze | ||
| 015 | |a cnb003567505 | ||
| 020 | |a 9788027723607 |q (vázáno) |z 978-88-277-2360-7 : |c Kč 349,00 | ||
| 035 | |a (OCoLC)1531362781 | ||
| 040 | |a ABG001 |b cze |d BOA001 |e rda | ||
| 041 | 1 | |a cze |h ger | |
| 072 | 7 | |a 821.112.2-3 |x Německá próza, německy psaná |2 Konspekt | |
| 072 | 7 | |a 821-93 |x Literatura pro děti a mládež (beletrie) |2 Konspekt | |
| 080 | |a 821.112.2-31 |2 MRF | ||
| 080 | |a 821-93 |2 MRF | ||
| 080 | |a (0:82-312.9) |2 MRF | ||
| 100 | 1 | |a Schellhammer, Silke, |d 1967- |7 xx0303723 |4 aut | |
| 240 | 1 | 0 | |a Stromausfall!. |l Česky |
| 245 | 1 | 0 | |a Škola talentů : |b zcela bez hranic. |p Bez proudu! / |c Silke Schellhammer ; ilustrovala Simona M. Ceccarelli ; přeložila Radana Studenovská |
| 246 | 3 | 0 | |a Bez proudu! |
| 264 | 1 | |a Praha : |b Dobrovský s.r.o., |c 2024 | |
| 300 | |a 239 stran : |b ilustrace ; |c 22 cm | ||
| 336 | |a text |b txt |2 rdacontent | ||
| 337 | |a bez média |b n |2 rdamedia | ||
| 338 | |a svazek |b nc |2 rdacarrier | ||
| 490 | 1 | |a Drobek | |
| 500 | |a Přeloženo z němčiny | ||
| 520 | 2 | |a Pokračování příběhů z internátní školy na tajemném ostrově, kde mají všechny děti fantastické schopnosti. |b Ve škole panuje filmová horečka. Bude se tu totiž konat soutěž o nejlepší film a všichni využívají svoje neobyčejné talenty k natočení těch nejúžasnějších filmových scén. Alvin kamarád Jonáš chce za každou cenu zvítězit. Velkolepý premiérový večer je však v ohrožení kvůli podivným výpadkům elektřiny. Kdo se za nimi může skrývat? Ve škole se navíc začaly ztrácet různé věci a nikdo netuší, kdo je pachatelem. Nakladatelská anotace. Kráceno. | |
| 655 | 7 | |a německé romány |7 fd132945 |2 czenas | |
| 655 | 7 | |a fantasy romány |7 fd184199 |2 czenas | |
| 655 | 7 | |a publikace pro děti |7 fd133156 |2 czenas | |
| 655 | 9 | |a German fiction |2 eczenas | |
| 655 | 9 | |a fantasy novels |2 eczenas | |
| 655 | 9 | |a children's literature |2 eczenas | |
| 700 | 1 | |a Ceccarelli, Simona, |d 1971- |7 xx0254358 |4 ill | |
| 700 | 1 | |a Studenovská, Radana, |d 1975- |7 xx0213396 |4 trl | |
| 765 | 1 | |t School of talents | |
| 787 | 0 | 8 | |i Z cyklu: |t Škola talentů |g 2 |
| 830 | 0 | |a Drobek | |
| 900 | |a ABA001 |b 21 | ||
| 044 | |a xr | ||
| 910 | |a RBIT002 | ||
| 998 | |d 420750 |a https://core.palmknihy.cz/api/books/420750/cover?sxa53w |b https://core.palmknihy.cz/api/books/420750/cover/400?sxa53w |c https://core.palmknihy.cz/api/books/420750/cover/50?sxa53w |e 2029-03-02 |g 248 |i 9788027723607 |j https://core.palmknihy.cz/api/books/420750/preview.epub |k https://core.palmknihy.cz/api/books/420750/preview.pdf |l |q 49 |r 1 |s https://www.palmknihy.cz/kniha/420750 |t ebook |y 2025 |z 0 |v Škola talentů |w 2 | ||
| 999 | |d 312740 | ||